000 004370000a22001690004500
041 0 _aENG
082 0 4 _aG 266.0092 T2381x
100 1 _aTaylor, Howard
245 1 0 _aThe triumph of John and Betty Stam / Howard Tayor
260 _aPA., USA : China Inland Mission
300 _a129 Pag
001 7511
942 _cBK
999 _c37722
_d37722
336 _atexto
_btxt
_2rdacontent
337 _2rdamedia
_asin mediación
_bn
338 _2rdacarrier
_avolumen
_bnc